Recent Advances in Understanding the Basic Mechanisms of Atrial Fibrillation Using Novel Computational Approaches (Record no. 19669)

MARC details
000 -LEADER
fixed length control field 00751nam a2200133Ia 4500
008 - FIXED-LENGTH DATA ELEMENTS--GENERAL INFORMATION
fixed length control field 220616s9999||||xx |||||||||||||| ||und||
020 ## - INTERNATIONAL STANDARD BOOK NUMBER
International Standard Book Number 9782890000000
245 #0 - TITLE STATEMENT
Title Recent Advances in Understanding the Basic Mechanisms of Atrial Fibrillation Using Novel Computational Approaches
546 ## - LANGUAGE NOTE
Language note English[eng]
650 ## - SUBJECT ADDED ENTRY--TOPICAL TERM
Topical term or geographic name entry element atrial fibrillation||cardiac electrophysiology||computer simulation||computational modeling||arrhythmia mechanisms
700 ## - ADDED ENTRY--PERSONAL NAME
Personal name Zhao, Jichao||Aslanidi, Oleg||Kuklik, Pawel||Lee, Geoffrey||Tse, Gary||Alexander Niederer, Steven||Joseph Vigmond, Edward
856 ## - ELECTRONIC LOCATION AND ACCESS
Uniform Resource Identifier <a href="https://www.frontiersin.org/research-topics/6647/recent-advances-in-understanding-the-basic-mechanisms-of-atrial-fibrillation-using-novel-computation">https://www.frontiersin.org/research-topics/6647/recent-advances-in-understanding-the-basic-mechanisms-of-atrial-fibrillation-using-novel-computation</a>
942 ## - ADDED ENTRY ELEMENTS (KOHA)
Koha item type E-Books
Holdings
Withdrawn status Lost status Damaged status Not for loan Home library Current library Date acquired Total Checkouts Date last seen Price effective from Koha item type
        Kerala University of Digital Sciences, Innovation and Technology Knowledge Centre Kerala University of Digital Sciences, Innovation and Technology Knowledge Centre 16/06/2022   16/06/2022 16/06/2022 E-Books